01661nam a2200325 i 4500001001000000003000900010005001700019007000300036008004100039040003000080049000900110082000700119100004800126245010500174264004900279300005500328336002700383337003300410338002800443500006300471504003200534505010500566590002600671942001400697952014300711952013500854952012300989952020601112999001701318000026586DO-SdBNP20240501110539.0ta110323s1995 dr ac 000 0 spa d aDO-SdBNPbspacBNPHUerda aBNPD 4222 aMiolán, Ángel,d1912-2010943877eautor10aMemoria :btestimonios de un octogenario sobre su vida y la política de su pais /cAngel Miolán. aSanto Domingo :bLetras de Quisqueya,c1995. a285 páginas :bilustraciones, retratos ;c24 cm. 2rdacontentatextobtxt 2rdamediaasin mediaciónbn 2rdacarrieravolumenbnc aIncluye datos biográficos del autor en la contracubierta aBibliografía : p. 278-2802 alibro primero : de la batalla contra la tiranía de Trujillo en la República Dominicana y Haití aInventariado, 2024/BT 2ddccLBS1 00102ddc56708DSaBNPHUbBNPHUcHDd2015-06-11eCompral0o BNPHU DS p26586-30r2020-06-25te. 3w2020-06-25yLBS1ZPréstamo en sala 00102ddc56708DSaBNPHUbBNPHUcMId2015-06-11l0o BNPHU DS p26586-40r2020-06-25te. 4w2020-06-25yLBS1ZPréstamo en sala 00102ddc51708PDaBNPHUbBNPHUcHDd2011-03-23l0o BNPHU PD p26586-10r2020-06-25w2020-06-25yLBS1ZNo se presta 00102ddc51708PDaBNPHUbBNPHUcHDd2015-06-11eDonaciónl0o BNPHU PD p26586-20r2020-06-25te. 2w2020-06-25yLBS1zPerteneció a la biblioteca personal de Emilio Cordero Michel.ZNo se presta c26078d26078